| 000 | 00000nam##2200000za#4500 |
| 001 | 9.642319 |
| 003 | CaOODSP |
| 005 | 20240501092931 |
| 007 | cr ||||||||||| |
| 008 | 150407|2011||||xxc|||||o f|0| 0 fre|d |
| 040 | |aCaOODSP|bfre |
| 043 | |an-cn--- |
| 086 | 1 |aPS84-27/1-2011F-PDF |
| 110 | 2 |aService correctionnel Canada. |
| 245 | 10|aRapport d'évaluation des services correctionnels communautaires du SCC. Chapitre 1 : |h[ressource électronique]|binterventions correctionnelles |
| 260 | |aOttawa - Ontario : |bService correctionnel Canada |cMars 2011. |
| 300 | |a167p.|bfigures, références, tableaux |
| 590 | |a13-18-Supp|b2013-08-01 |
| 691 | 07|aÉtablissement pénitentiaire|2gcpds |
| 691 | 07|aPartenariat communautaire|2gcpds |
| 775 | 08|tReport of the evaluation of CSC's community corrections. Chapter 1 : |w(CaOODSP)9.698307 |
| 856 | 40|ahttp://publications.gc.ca|qPDF|s1.51 Mo|uhttps://publications.gc.ca/collections/collection_2013/scc-csc/PS84-27-1-2011-fra.pdf |
| 986 | |aDossier n° 394-02-84 |